[Event "Buenos Aires Masters op"]
[Site "Buenos Aires"]
[Date "2023.06.20"]
[Round "9"]
[White "Axarlian, Carlos"]
[Black "Ocampos, Ian Guido"]
[Result "0-1"]
[WhiteElo "2030"]
[BlackElo "2222"]
[PlyCount "88"]
[EventDate "2023.06.14"]
[EventType "swiss"]
[EventRounds "9"]
[EventCountry "ARG"]
[SourceTitle "CBM 215 Extra"]
[Source "ChessBase"]
[SourceDate "2023.09.30"]
[SourceVersion "1"]
[SourceVersionDate "2023.09.30"]
[SourceQuality "1"]

1. e4 c5 2. Nf3 Nc6 3. d4 cxd4 4. Nxd4 e5 5. Nxc6 bxc6 6. Bd3 Bc5 7. 0-0 Nf6 8. Qe2 0-0 9. Be3 Bxe3 10. Qxe3 Qc7 11. c4 Rb8 12. b3 d5 13. cxd5 cxd5 14. Nd2 d4 15. Qe2 Be6 16. Rac1 Qe7 17. Bc4 Bg4 18. Qd3 Nh5 19. g3 Qg5 20. Nf3 Qe7 21. Bd5 Kh8 22. Nd2 Rbc8 23. Rc4 Nf6 24. Bc6 Be6 25. Rc2 Rc7 26. Rfc1 Rfc8 27. Nf3 Bg4 28. Nd2 h5 29. Kg2 h4 30. f3 Be6 31. Bb5 Rxc2 32. Rxc2 Nh5 33. Rxc8+ Bxc8 34. Qc2 Qe6 35. Nf1 Qh3+ 36. Kf2 hxg3+ 37. hxg3 Nxg3 38. Qc7 Nxf1 39. Qd8+ Kh7 40. Bxf1 Qh2+ 41. Bg2 Be6 42. Kf1 Qf4 43. Qd6 Bh3 44. Kf2 Qd2+ 0-1

[Event "Buenos Aires Masters op"]
[Site "Buenos Aires"]
[Date "2023.06.19"]
[Round "7"]
[White "Axarlian, Carlos"]
[Black "Perelman, Hernan"]
[Result "0-1"]
[WhiteElo "2030"]
[BlackElo "2253"]
[PlyCount "124"]
[EventDate "2023.06.14"]
[EventType "swiss"]
[EventRounds "9"]
[EventCountry "ARG"]
[SourceTitle "CBM 215 Extra"]
[Source "ChessBase"]
[SourceDate "2023.09.30"]
[SourceVersion "1"]
[SourceVersionDate "2023.09.30"]
[SourceQuality "1"]

1. e4 d6 2. d4 Nf6 3. Nc3 e5 4. Nf3 Nbd7 5. Bc4 Be7 6. 0-0 0-0 7. a4 a5 8. Re1 c6 9. b3 exd4 10. Nxd4 Nb6 11. Bd3 d5 12. e5 Ne8 13. Bb2 g6 14. Qd2 Ng7 15. Qe3 c5 16. Ncb5 cxd4 17. Nxd4 Ne6 18. f4 Nd7 19. f5 Bg5 20. Qf2 Nf4 21. h4 Nxd3 22. cxd3 Bxh4 23. g3 Be7 24. Kg2 Qb6 25. Qf4 Re8 26. f6 Bb4 27. e6 Qd6 28. Qh6 Nxf6 29. Nf5 Qf8 30. Bxf6 Qxh6 31. exf7+ Kxf7 32. Nxh6+ Kxf6 33. Rxe8 Bh3+ 34. Kxh3 Rxe8 35. Ng4+ Kg5 36. Rf1 Re6 37. d4 Bd6 38. Rf7 h5 39. Nh2 Re3 40. Nf3+ Kh6 41. Rd7 Rxf3 42. Rxd6 Rxb3 43. Rxd5 b6 44. Rd6 Kg5 45. Rd5+ Kf6 46. Rd6+ Kf5 47. Kh4 Rb4 48. Rd5+ Ke6 49. Rd8 Rxa4 50. Kg5 Ra3 51. Kf4 g5+ 52. Ke4 Rxg3 53. d5+ Ke7 54. Rh8 h4 55. Ke5 Re3+ 56. Kd4 Re1 57. Rh7+ Kd6 58. Rh6+ Kc7 59. Rc6+ Kb7 60. Rg6 h3 61. Rg7+ Ka6 62. Rh7 g4 0-1

[Event "Buenos Aires Masters op"]
[Site "Buenos Aires"]
[Date "2023.06.19"]
[Round "8"]
[White "Chanduvi, Fidel"]
[Black "Axarlian, Carlos"]
[Result "0-1"]
[WhiteElo "1950"]
[BlackElo "2030"]
[PlyCount "74"]
[EventDate "2023.06.14"]
[EventType "swiss"]
[EventRounds "9"]
[EventCountry "ARG"]
[SourceTitle "CBM 215 Extra"]
[Source "ChessBase"]
[SourceDate "2023.09.30"]
[SourceVersion "1"]
[SourceVersionDate "2023.09.30"]
[SourceQuality "1"]

1. e4 c5 2. Nf3 d6 3. d4 cxd4 4. Nxd4 Nf6 5. Nc3 a6 6. Bg5 Nbd7 7. f4 Qa5 8. Nb3 Qc7 9. Qf3 e6 10. 0-0-0 b5 11. Bd3 h6 12. Bxf6 gxf6 13. a3 h5 14. Kb1 Bb7 15. Qh3 Nb6 16. g4 Na4 17. Ne2 Nc5 18. Ng3 h4 19. Nh5 Be7 20. Qxh4 Nxe4 21. Bxe4 Bxe4 22. Nxf6+ Bxf6 23. Qxf6 Rh3 24. Nd4 Bxh1 25. Nxe6 fxe6 26. Qxe6+ Qe7 27. Qg6+ Kf8 28. Rxh1 Re8 29. f5 Re3 30. g5 Qf7 31. Qxd6+ Kg8 32. Qb4 Qxf5 33. Rd1 Qe4 34. Qc5 Qc4 35. Qxc4+ bxc4 36. Ka2 Re2 37. Rd4 R8e4 0-1

[Event "Buenos Aires Masters op"]
[Site "Buenos Aires"]
[Date "2023.06.16"]
[Round "3"]
[White "Quiroga, Facundo"]
[Black "Axarlian, Carlos"]
[Result "1-0"]
[WhiteElo "2247"]
[BlackElo "2030"]
[PlyCount "139"]
[EventDate "2023.06.14"]
[EventType "swiss"]
[EventRounds "9"]
[EventCountry "ARG"]
[SourceTitle "CBM 215 Extra"]
[Source "ChessBase"]
[SourceDate "2023.09.30"]
[SourceVersion "1"]
[SourceVersionDate "2023.09.30"]
[SourceQuality "1"]

1. e4 c5 2. Nf3 d6 3. d4 cxd4 4. Nxd4 Nf6 5. Nc3 a6 6. Be2 e5 7. Nf3 h6 8. a4 Be7 9. 0-0 0-0 10. Nd2 Qc7 11. Nc4 Be6 12. Ne3 Nbd7 13. Ncd5 Qd8 14. Nxe7+ Qxe7 15. f3 Rfd8 16. a5 Nf8 17. c4 Ng6 18. g3 Qc7 19. b4 Ne7 20. Rf2 b6 21. axb6 Qxb6 22. Nc2 Rdc8 23. Be3 Qb7 24. Qxd6 Bxc4 25. Bxc4 Rxc4 26. Bc5 Nc6 27. Qd3 Qb5 28. Qf1 Rxc5 29. bxc5 Qxc5 30. Rxa6 Rd8 31. Kg2 Ne8 32. Qa1 Nc7 33. Ra3 Rd6 34. Qc3 Qb6 35. Rb3 Qa7 36. Qa1 Qc5 37. Qa3 Qxa3 38. Nxa3 Ne6 39. Rb6 Rd3 40. Rxc6 Rxa3 41. Rc8+ Kh7 42. h4 g5 43. hxg5 hxg5 44. Kh3 Kg6 45. Kg4 Nd4 46. Rg8+ Kf6 47. Rxg5 Re3 48. Rd2 Ra3 49. Rxd4 exd4 50. Rd5 Rd3 51. Kf4 Ke6 52. g4 f6 53. g5 fxg5+ 54. Rxg5 Rd1 55. Ra5 Rh1 56. Ra6+ Ke7 57. Ra4 Rd1 58. Ke5 d3 59. Rd4 d2 60. Kf4 Ke6 61. Rd3 Ke7 62. Ke3 Ke6 63. Rxd2 Rh1 64. Ra2 Ke5 65. Ra5+ Ke6 66. Ra6+ Ke7 67. f4 Rd1 68. f5 Rf1 69. Kd4 Rd1+ 70. Ke5 1-0

[Event "ARG-ch sf 95th"]
[Site "Buenos Aires"]
[Date "2020.03.01"]
[Round "9"]
[White "Axarlian, Carlos"]
[Black "Perez, Daniel1111"]
[Result "0-1"]
[WhiteElo "2092"]
[BlackElo "2209"]
[PlyCount "68"]
[EventDate "2020.02.22"]
[EventType "swiss"]
[EventRounds "9"]
[EventCountry "ARG"]
[SourceTitle "CBM 195 Extra"]
[Source "ChessBase"]
[SourceDate "2020.05.31"]
[SourceVersion "1"]
[SourceVersionDate "2020.05.31"]
[SourceQuality "1"]

1. e4 c6 2. d4 d5 3. e5 Bf5 4. h4 h5 5. Bd3 Bxd3 6. Qxd3 Qa5+ 7. Nd2 e6 8. Ngf3 Qa6 9. c4 Nh6 10. 0-0 Nf5 11. Qc2 Be7 12. cxd5 cxd5 13. Nb3 Nc6 14. Bg5 f6 15. exf6 gxf6 16. Bd2 Kf7 17. Rfe1 Qc4 18. Bc3 Nb4 19. Qd2 Rhg8 20. Re2 Qd3 21. Kh1 Qxd2 22. Bxd2 Nd3 23. Nc1 Nxb2 24. Rb1 Nc4 25. Rxb7 Rgb8 26. Rxb8 Rxb8 27. Nd3 Rb1+ 28. Be1 Bd6 29. g3 Rd1 30. Nc5 e5 31. Kg2 exd4 32. Ne6 Be5 33. Nxe5+ fxe5 34. Ng5+ Kf6 0-1

[Event "ARG-ch sf 95th"]
[Site "Buenos Aires"]
[Date "2020.02.26"]
[Round "5"]
[White "Axarlian, Carlos"]
[Black "Villegas, Franco"]
[Result "1/2-1/2"]
[WhiteElo "2092"]
[BlackElo "2243"]
[PlyCount "109"]
[EventDate "2020.02.22"]
[EventType "swiss"]
[EventRounds "9"]
[EventCountry "ARG"]
[SourceTitle "CBM 195 Extra"]
[Source "ChessBase"]
[SourceDate "2020.05.31"]
[SourceVersion "1"]
[SourceVersionDate "2020.05.31"]
[SourceQuality "1"]

1. e4 c5 2. Nf3 d6 3. d4 cxd4 4. Nxd4 Nf6 5. Nc3 a6 6. Bg5 e6 7. Qd2 Be7 8. f3 Qc7 9. g4 Nbd7 10. 0-0-0 0-0 11. Be3 Ne5 12. g5 Nfd7 13. f4 Nc4 14. Bxc4 Qxc4 15. f5 Ne5 16. Rhg1 Bd8 17. f6 Re8 18. Nb3 Nf3 19. Qf2 Nxg1 20. Rxg1 e5 21. fxg7 Be6 22. h4 b5 23. Nd2 Qc6 24. Qg2 Rc8 25. Nb3 a5 26. h5 a4 27. g6 Be7 28. Nd5 hxg6 29. hxg6 axb3 30. c3 bxa2 31. Qh2 a1Q+ 32. Kc2 Qxc3+ 33. Nxc3 Rxc3+ 34. Kxc3 Rc8+ 35. Bc5 Rxc5+ 36. Kd3 Bc4+ 37. Ke3 Qxg1+ 38. Qxg1 Kxg7 39. gxf7+ Kxf7 40. Qg4 Ke8 41. b4 Rc7 42. Qf5 Kd8 43. Qg6 Ra7 44. Qh5 Ra3+ 45. Kd2 Rg3 46. Qh8+ Rg8 47. Qh3 Rf8 48. Qa3 Bg5+ 49. Kd1 Rf1+ 50. Kc2 Rf2+ 51. Kd1 Ra2 52. Qg3 Rd2+ 53. Ke1 Bf4 54. Qh4+ Kc7 55. Qe7+ 1/2-1/2

[Event "Buenos Aires ProAm op 26th"]
[Site "Buenos Aires"]
[Date "2019.10.06"]
[Round "1"]
[White "Axarlian, Carlos"]
[Black "Soria, Angel"]
[Result "1-0"]
[WhiteElo "2107"]
[BlackElo "1655"]
[PlyCount "95"]
[EventDate "2019.10.06"]
[EventType "team-swiss"]
[EventRounds "8"]
[EventCountry "ARG"]
[SourceTitle "CBM 192 Extra"]
[Source "Chessbase"]
[SourceDate "2019.11.06"]
[SourceVersion "1"]
[SourceVersionDate "2019.11.06"]
[SourceQuality "1"]

1. e4 c6 2. d4 d5 3. e5 Bf5 4. h4 h5 5. Bd3 Bxd3 6. Qxd3 e6 7. Bg5 Qb6 8. Nd2 Nd7 9. Ngf3 Rc8 10. 0-0 Be7 11. c4 Bxg5 12. Nxg5 Ne7 13. b3 g6 14. Rfe1 Nf5 15. Ndf3 0-0 16. Nh3 Qa6 17. Nf4 Nb6 18. c5 Qxd3 19. Nxd3 Nd7 20. Rac1 b5 21. Ra1 a5 22. a4 b4 23. Rad1 Kg7 24. Nf4 Rce8 25. Kh2 Rh8 26. g3 Nh6 27. Kg2 Nf5 28. Re2 Rb8 29. Kf1 Rhc8 30. Rc1 Rc7 31. Ke1 Rcc8 32. Kd2 Rh8 33. Kd3 Rbc8 34. Ng5 Rce8 35. Rh1 Nb8 36. Rhe1 Na6 37. Ng2 Nc7 38. Ne3 Rh6 39. Nxf5+ exf5 40. e6 f6 41. Nf7 Rh7 42. Nd6 Rb8 43. e7 Ne8 44. Nxe8+ Rxe8 45. Re6 Kf7 46. Rxc6 Rxe7 47. Rxe7+ Kxe7 48. Rc7+ 1-0

[Event "ARG-ch sf 94th"]
[Site "Buenos Aires"]
[Date "2019.04.01"]
[Round "3"]
[White "Axarlian, Carlos"]
[Black "Mussanti, Diego"]
[Result "0-1"]
[WhiteElo "2089"]
[BlackElo "2324"]
[PlyCount "62"]
[EventDate "2019.03.30"]
[EventType "swiss"]
[EventRounds "9"]
[EventCountry "ARG"]
[SourceTitle "CBM 189 Extra"]
[Source "ChessBase"]
[SourceDate "2019.06.03"]
[SourceVersion "1"]
[SourceVersionDate "2019.06.03"]
[SourceQuality "1"]

1. e4 c5 2. Nf3 e6 3. d4 cxd4 4. Nxd4 Nc6 5. Nc3 Qb6 6. Nb3 Nf6 7. Bd3 a6 8. 0-0 d6 9. Be3 Qc7 10. f4 Be7 11. Qf3 0-0 12. a3 b5 13. g4 Bb7 14. g5 Nd7 15. Qh3 Rae8 16. e5 g6 17. Nd5 exd5 18. e6 fxe6 19. Bxg6 hxg6 20. Qxe6+ Kg7 21. f5 Nde5 22. f6+ Bxf6 23. gxf6+ Kh8 24. Qh3+ Qh7 25. Bh6 Nf7 26. Bg7+ Kg8 27. Qd7 Nce5 28. Qxb7 Ng4 29. Kg2 Qxh2+ 30. Kf3 Re3+ 31. Kxg4 Qg3# 0-1